000 00625nam a2200241Ia 4500
003 OSt
005 20221007082312.0
006 a|||||r|||| 00| 0
007 ta
008 221006b |||||||| |||| 00| 0 eng d
024 _a17,587
037 _cReports / Technical Reports
040 _aFLL
_cFLL
_beng
041 _2eng
_aeng
082 _aX74.2.N76t, L6
110 _aGovt. of india
245 0 _aPublic accounts committee (1975-76)
260 _c1976
300 _a172p
_ccm.
700 _aGovt. of india
942 _hX74.2.N76t, L6
_cREP
_2CC
999 _c1165988
_d1165988